Blúdiaci Holanďan : romantická opera v 3 dejstvách /

Hlavní autor: Wagner, Richard, 1813-1883
Další autoři: Terrayová, Mária Jana, 1922-1993
Jazyk: Slovenština
Vydáno: Bratislava : Slovenské vydavateľstvo krásnej literatúry, 1958
Vydání: 1. vyd.
Edice: Edícia operných libriet
Fyzický popis: 91 s.
Knihy
Uloženo v:
LEADER 00875nam a22002412a 4500
001 000487573
003 CZ BrMZK
005 20101014091643.0
007 ta
008 000105s1958 xo f slo d
040 |a BOA001  |b cze  |d BOA001 
041 1 |a slo  |h ger 
100 1 |a Wagner, Richard,  |d 1813-1883  |7 jn19981002383  |4 aut 
245 1 0 |a Blúdiaci Holanďan :  |b romantická opera v 3 dejstvách /  |c Richard Wagner ; štúdiu napísala M.J. Terrayová 
250 |a 1. vyd. 
260 |a Bratislava :  |b Slovenské vydavateľstvo krásnej literatúry,  |c 1958 
300 |a 91 s. 
490 1 |a Edícia operných libriet ;  |v zv. 4 
700 1 |a Terrayová, Mária Jana,  |d 1922-1993  |7 mzk2010602812  |4 cwt 
830 0 |a Edícia operných libriet 
910 |a BOA001  |b 1-0398.034 
990 |a BK 
996 7 |b 2619753771  |c 1-0398.034  |l MZK  |r Sklad / do 1 hodiny  |n 3  |w 000487573  |u 000010  |a 1  |e BOA001  |j MZK50  |s A